Sports Quiz

Random Sports or Football Quiz

Non-League to Premier League Quiz Stats

 Plays Quiz not verified by Sporcle

Also try: Hometown Favorites
Challenge
Share
Tweet
Embed
Score 0/14 Timer 05:00
0 Plays Today
Last Non-League Club Player % Correct
Dulwich HamletIan Wright
84.9%
Maidstone UnitedChris Smalling
67.2%
HayesLes Ferdinand
59.9%
WealdstoneStuart Pearce
55.2%
Stafford RangersStan Collymore
50.5%
YeadingDJ Campbell
50.5%
Baldock TownKevin Phillips
47.4%
Last Non-League Club Player % Correct
Sudbury CourtJohn Barnes
43.8%
BarrowGrant Holt
42.2%
AlvechurchAlan Smith
36.5%
Nuneaton BoroughMalcolm Christie
30.2%
Tow Law TownChris Waddle
28.6%
Welling UnitedSteve Finnan
26%
HendonIain Dowie
16.1%

You're not logged in!

Compare scores with friends on all Sporcle quizzes.
Join for Free
OR
Log In

You Might Also Like...

Show Comments

Extras

Top Quizzes Today


Score Distribution

Your Account Isn't Verified!

In order to create a playlist on Sporcle, you need to verify the email address you used during registration. Go to your Sporcle Settings to finish the process.

Report this User

Report this user for behavior that violates our Community Guidelines.

Details: